[Event "Women's Speed Chess Q7 KO"]
[Site "chess.com INT"]
[Date "2021.06.06"]
[Round "1.1"]
[White "Bodnaruk, Anastasia"]
[Black "Padmini, Rout"]
[Result "0-1"]
[WhiteTitle "IM"]
[BlackTitle "IM"]
[WhiteElo "2446"]
[BlackElo "2370"]
[WhiteFideId "4181751"]
[BlackFideId "5029295"]
[EventDate "2021.06.06"]

1. e4 c5 2. b3 b6 3. Bb2 Bb7 4. Nc3 Nf6 5. e5 Nd5 6. Nxd5 Bxd5 7. Nf3 e6 8. Be2
Be7 9. O-O O-O 10. c4 Bb7 11. d4 cxd4 12. Qxd4 Nc6 13. Qd2 d6 14. exd6 Qxd6 15.
Qe3 Qc5 16. Qxc5 bxc5 17. Rfd1 Rfd8 18. Kf1 f6 19. Rxd8+ Rxd8 20. Rd1 Rxd1+ 21.
Bxd1 e5 22. Nd2 Nd4 23. f3 Kf7 24. Ne4 g6 25. Nc3 Bc6 26. Be2 Ke6 27. Bd3 f5 28.
Bc1 h5 29. g3 h4 30. f4 hxg3 31. hxg3 e4 32. Bb1 Bf6 33. Be3 a5 34. Ne2 a4 35.
bxa4 Bxa4 36. Kf2 Kd6 37. Nc3 Bc6 38. a4 Nb3 39. Nb5+ Bxb5 40. axb5 Na5 41. Ba2
Bd4 42. Ke2 Bxe3 43. Kxe3 Nb7 44. g4 Kc7 45. g5 Nd6 46. Kd2 Kb6 47. Kc3 Ka5 48.
Kb3 e3 49. Kc3 Ne4+ 50. Kd3 Nd6 51. Ke2 Kb4 52. Kxe3 Ka3 53. Bb1 Nxc4+ 54. Kf3
Nd6 55. b6 Kb4 56. Ke2 Ka5 57. Ba2 Kxb6 58. Kd3 Ka5 59. Kc3 Kb5 60. Be6 Kc6 61.
Bg8 Ne4+ 62. Kc4 Nd6+ 63. Kc3 Kb5 64. Kb3 c4+ 65. Kc3 Kc5 66. Be6 Ne4+ 67. Kc2
Nd6 68. Kc3 Nb5+ 69. Kd2 Nd6 70. Bg8 Kd4 71. Kc2 Ke4 72. Kc3 Kxf4 73. Kd4 Kxg5
74. Bh7 Kf6 75. Bg8 g5 76. Kc5 Ke5 77. Bh7 g4 78. Bg6 g3 79. Bxf5 Nxf5 0-1

[Event "Women's Speed Chess Q7 KO"]
[Site "chess.com INT"]
[Date "2021.06.06"]
[Round "1.1"]
[White "Buksa, Nataliya"]
[Black "Cori T., Deysi"]
[Result "0-1"]
[WhiteTitle "IM"]
[BlackTitle "WGM"]
[WhiteElo "2413"]
[BlackElo "2388"]
[WhiteFideId "14123622"]
[BlackFideId "3801934"]
[EventDate "2021.06.06"]

1. e4 e6 2. d4 d5 3. Nd2 Nf6 4. e5 Nfd7 5. Ngf3 c5 6. c3 Nc6 7. Bd3 Be7 8. O-O
Qb6 9. dxc5 Nxc5 10. Bc2 a5 11. Nb3 Nxb3 12. axb3 Qc7 13. Re1 h6 14. b4 b5 15.
Qd3 Bd7 16. Be3 Rc8 17. bxa5 Nxa5 18. Nd4 Nc4 19. Bc1 Nxe5 20. Qg3 Ng6 21. Qf3
O-O 22. g3 Bf6 23. h4 Ne5 24. Bf4 Nxf3+ 25. Nxf3 Qc4 26. Kg2 Rfe8 27. Ra7 Bc6
28. Nd2 Qc5 29. Be3 d4+ 30. Kg1 dxe3 31. Rxe3 Qxa7 32. Nb3 Rcd8 33. Kh2 Qb7 34.
Nd4 Bh1 35. f3 Bxd4 36. cxd4 Rxd4 37. Kxh1 Rd2 38. Be4 Qc7 39. Re1 Qxg3 0-1

[Event "Women's Speed Chess Q7 KO"]
[Site "chess.com INT"]
[Date "2021.06.06"]
[Round "1.1"]
[White "Gunina, Valentina"]
[Black "Avramidou, Anastasia"]
[Result "0-1"]
[WhiteTitle "GM"]
[BlackTitle "FM"]
[WhiteElo "2436"]
[BlackElo "2238"]
[WhiteFideId "4167570"]
[BlackFideId "4239873"]
[EventDate "2021.06.06"]

1. d4 Nf6 2. c4 g6 3. Nf3 Bg7 4. Nc3 d5 5. cxd5 Nxd5 6. e4 Nxc3 7. bxc3 O-O 8.
Bc4 c5 9. O-O Nc6 10. Be3 Qc7 11. d5 Ne5 12. Be2 Nxf3+ 13. Bxf3 Be5 14. h3 b6
15. Qd2 Bb7 16. Be2 Rad8 17. Rad1 c4 18. Bh6 Rfe8 19. f4 Bh8 20. f5 Be5 21. Qe3
Qc5 22. Qxc5 bxc5 23. Be3 Bxc3 24. Bxc4 Bf6 25. fxg6 hxg6 26. Bb5 Rf8 27. Bxc5
Rc8 28. Bxa7 Rc2 29. Rf2 Rfc8 30. Bd3 Rxf2 31. Kxf2 Rc3 32. Rd2 Ra3 33. Bc4 Rxa7
34. Bb3 Kg7 35. Kf3 Be5 36. Rc2 Bd6 37. Re2 Ba6 38. Re1 f6 39. g4 Rb7 40. g5 Rb4
41. h4 Bc4 42. Rb1 Bxb3 43. axb3 fxg5 44. hxg5 Be5 45. Ke3 Bd4+ 46. Kd3 Be5 47.
Ke3 Kf8 48. Kd3 Ke8 49. Kc2 Rxe4 50. b4 Kd7 51. b5 Kc7 52. b6+ Kb7 53. Rb5 Rd4
54. Kb3 Bd6 55. Kc3 Rg4 56. Rb1 Rxg5 57. Kc4 Rg4+ 58. Kc3 Ra4 59. Rg1 Ra6 60.
Rxg6 Rxb6 61. Rg4 Kc7 62. Rc4+ Kd7 63. Ra4 Rb5 64. Kc4 Rc5+ 65. Kd4 Rc7 66. Ra6
Rb7 67. Kc3 Rb5 68. Kc4 Rb4+ 69. Kc3 Rh4 70. Kd3 Kc7 71. Rc6+ Kb7 72. Kc3 Re4
73. Kd3 Rb4 74. Kc3 Rb6 75. Rc4 Rb5 76. Kd4 Rb4 0-1

[Event "Women's Speed Chess Q7 KO"]
[Site "chess.com INT"]
[Date "2021.06.06"]
[Round "1.2"]
[White "Avramidou, Anastasia"]
[Black "Gunina, Valentina"]
[Result "0-1"]
[WhiteTitle "FM"]
[BlackTitle "GM"]
[WhiteElo "2238"]
[BlackElo "2436"]
[WhiteFideId "4239873"]
[BlackFideId "4167570"]
[EventDate "2021.06.06"]

1. d4 d5 2. c4 c6 3. cxd5 cxd5 4. Nc3 Nf6 5. Bf4 Nc6 6. e3 a6 7. Bd3 Bg4 8. Nge2
e6 9. O-O Be7 10. h3 Bh5 11. Rc1 O-O 12. Qd2 Rc8 13. Na4 Nd7 14. a3 b5 15. Nac3
Nb6 16. Bg3 Nc4 17. Bxc4 bxc4 18. Nf4 Bg6 19. Nxg6 hxg6 20. e4 dxe4 21. Rfd1 f5
22. d5 exd5 23. Nxd5 Bf6 24. Rxc4 Kh7 25. Qc1 Na7 26. Bc7 Qe8 27. Bd6 Rxc4 28.
Qxc4 Rf7 29. Nxf6+ Rxf6 30. Bf4 Nb5 31. Be3 Rc6 32. Qe2 Qe5 33. a4 Nc7 34. Bd4
Qe7 35. Bc3 Rd6 36. Rc1 Nd5 37. Bd4 Qd7 38. Bc5 Rc6 39. b4 Nxb4 40. Rd1 Nd3 41.
Be3 Rd6 42. f3 Qxa4 43. fxe4 Nf4 44. Bxf4 Qxd1+ 0-1

[Event "Women's Speed Chess Q7 KO"]
[Site "chess.com INT"]
[Date "2021.06.06"]
[Round "1.2"]
[White "Cori T., Deysi"]
[Black "Buksa, Nataliya"]
[Result "1-0"]
[WhiteTitle "WGM"]
[BlackTitle "IM"]
[WhiteElo "2388"]
[BlackElo "2413"]
[WhiteFideId "3801934"]
[BlackFideId "14123622"]
[EventDate "2021.06.06"]

1. Nf3 d5 2. d4 Nf6 3. e3 e6 4. c4 Be7 5. Nc3 b6 6. Bd3 O-O 7. O-O Bb7 8. Qc2
Nbd7 9. e4 dxe4 10. Nxe4 Nxe4 11. Bxe4 Bxe4 12. Qxe4 c5 13. Rd1 Qc8 14. Be3 Re8
15. Rac1 Bf6 16. b3 Qa6 17. Rc2 h6 18. Rcd2 cxd4 19. Bxd4 Bxd4 20. Nxd4 Nf6 21.
Qf3 Qa5 22. h3 Rac8 23. Nb5 Rf8 24. a4 a6 25. Nd6 Rb8 26. Rd3 Qc5 27. Qf4 Qb4
28. Qe5 b5 29. Rg3 Kh8 30. Nxf7+ Rxf7 31. Qxb8+ Kh7 32. axb5 axb5 33. Qxb5 Qa3
34. Qe5 Qa2 35. Rf1 Qd2 36. Qxe6 Rf8 37. Qf5+ Kg8 38. Qg6 Ne8 39. Re3 Qd7 40.
Rfe1 Nd6 41. Re7 Qf5 42. Qxg7# 1-0

[Event "Women's Speed Chess Q7 KO"]
[Site "chess.com INT"]
[Date "2021.06.06"]
[Round "1.2"]
[White "Nguyen, Hong Anh"]
[Black "Pham, Le Thao Nguyen"]
[Result "1-0"]
[WhiteTitle "WIM"]
[BlackTitle "IM"]
[WhiteElo "1993"]
[BlackElo "2369"]
[WhiteFideId "12406732"]
[BlackFideId "12401226"]
[EventDate "2021.06.06"]

1. d4 d5 2. c4 c6 3. Nf3 Nf6 4. g3 Bf5 5. Bg2 e6 6. O-O Be7 7. Nc3 O-O 8. Nd2
Bg4 9. Qb3 Qb6 10. e3 Nbd7 11. h3 Bh5 12. Nf3 Rfe8 13. Re1 Bg6 14. Nh4 Qxb3 15.
axb3 Bc2 16. e4 dxe4 17. Nxe4 Nxe4 18. Bxe4 Bxb3 19. Bd3 Nb6 20. c5 Nd7 21. Nf3
Bd5 22. Ng5 h6 23. Ne4 Bxe4 24. Bxe4 Nf6 25. Bf3 a6 26. Ra3 Rad8 27. Be3 Nd5 28.
Rb3 Rd7 29. Bd2 Rc8 30. Kg2 Bf6 31. Bc3 Rcc7 32. Ba5 Rc8 33. Bc3 Kf8 34. Ra1 Kg8
35. h4 Re8 36. Re1 g6 37. Bd2 h5 38. Bc3 Kg7 39. Be4 Ne7 40. Rb4 Red8 41. Rd1
Rc8 42. Bf3 Rcc7 43. Rb3 Nf5 44. Ba5 Rc8 45. Bc3 Bxd4 46. Bb4 Rcd8 47. Rbd3 e5
48. Be4 Ne7 49. Bc3 Nc8 50. f4 Kf6 51. Kf3 Ne7 52. fxe5+ Kxe5 53. Re1 1-0

[Event "Women's Speed Chess Q7 KO"]
[Site "chess.com INT"]
[Date "2021.06.06"]
[Round "1.2"]
[White "Padmini, Rout"]
[Black "Bodnaruk, Anastasia"]
[Result "1-0"]
[WhiteTitle "IM"]
[BlackTitle "IM"]
[WhiteElo "2370"]
[BlackElo "2446"]
[WhiteFideId "5029295"]
[BlackFideId "4181751"]
[EventDate "2021.06.06"]

1. e4 c5 2. Nf3 d6 3. d4 cxd4 4. Nxd4 Nf6 5. Nc3 a6 6. Be2 e5 7. Nb3 Be7 8. Qd3
O-O 9. Bg5 Nbd7 10. O-O-O b5 11. Bxf6 Nxf6 12. h3 Bb7 13. g4 Rc8 14. Kb1 Rxc3
15. Qxc3 Nxe4 16. Qe3 Bg5 17. Qa7 Qa8 18. Qxa8 Bxa8 19. f3 Nf2 20. h4 Bf4 21.
Rhf1 Nxd1 22. Rxd1 d5 23. Nc1 e4 24. fxe4 dxe4 25. Nb3 Re8 26. Nc5 e3 27. Nxa6
b4 28. Nxb4 Rb8 29. a3 Be4 30. Ka2 f6 31. c4 h6 32. c5 Rc8 33. Rd4 Re8 34. c6
Bc7 35. Nd5 Rd8 36. Rxe4 Rxd5 37. Bc4 Bb6 38. Bxd5+ Kh7 39. Rxe3 Bxe3 40. c7 Bf4
41. c8=Q g6 42. Qd7+ Kh8 43. Qe8+ Kh7 44. Qg8# 1-0

[Event "Women's Speed Chess Q7 KO"]
[Site "chess.com INT"]
[Date "2021.06.06"]
[Round "1.3"]
[White "Avramidou, Anastasia"]
[Black "Gunina, Valentina"]
[Result "0-1"]
[WhiteTitle "FM"]
[BlackTitle "GM"]
[WhiteElo "2238"]
[BlackElo "2436"]
[WhiteFideId "4239873"]
[BlackFideId "4167570"]
[EventDate "2021.06.06"]

1. d4 d5 2. c4 c6 3. cxd5 cxd5 4. Nc3 Nf6 5. Nf3 Nc6 6. Bf4 a6 7. e3 Bg4 8. Bd3
e6 9. h3 Bh5 10. O-O Be7 11. Rc1 O-O 12. Be2 Rc8 13. Ne5 Bxe2 14. Qxe2 Bd6 15.
Nxc6 Rxc6 16. Bxd6 Qxd6 17. Na4 Rfc8 18. Nc5 Qc7 19. Rc3 Qe7 20. Rfc1 h6 21. b4
Ne8 22. a4 Nd6 23. b5 axb5 24. axb5 R6c7 25. b6 Rc6 26. Nd3 Rxc3 0-1

[Event "Women's Speed Chess Q7 KO"]
[Site "chess.com INT"]
[Date "2021.06.06"]
[Round "1.3"]
[White "Pham, Le Thao Nguyen"]
[Black "Nguyen, Hong Anh"]
[Result "0-1"]
[WhiteTitle "IM"]
[BlackTitle "WIM"]
[WhiteElo "2369"]
[BlackElo "1993"]
[WhiteFideId "12401226"]
[BlackFideId "12406732"]
[EventDate "2021.06.06"]

1. d4 Nf6 2. Nf3 g6 3. g3 Bg7 4. Bg2 O-O 5. O-O d5 6. c3 a5 7. a4 c6 8. Nbd2 Na6
9. Re1 Nc7 10. e4 dxe4 11. Nxe4 Nxe4 12. Rxe4 Bf5 13. Re1 Rb8 14. Bf4 b5 15.
axb5 Rxb5 16. Re2 Nd5 17. Bg5 Rb7 18. Qc1 Qb6 19. Ne5 f6 20. Nc4 Qb5 21. Na3
Qxe2 0-1

[Event "Women's Speed Chess Q7 KO"]
[Site "chess.com INT"]
[Date "2021.06.06"]
[Round "2.1"]
[White "Padmini, Rout"]
[Black "Gunina, Valentina"]
[Result "0-1"]
[WhiteTitle "IM"]
[BlackTitle "GM"]
[WhiteElo "2370"]
[BlackElo "2436"]
[WhiteFideId "5029295"]
[BlackFideId "4167570"]
[EventDate "2021.06.06"]

1. e4 c6 2. Nc3 d5 3. Nf3 dxe4 4. Nxe4 Nf6 5. Nxf6+ exf6 6. d4 Bd6 7. Be2 O-O 8.
O-O Bf5 9. c3 Nd7 10. Be3 Re8 11. Qd2 Nf8 12. Rae1 Qd7 13. Bf4 Ng6 14. Bg3 Be6
15. a3 Bd5 16. Bd1 f5 17. Bxd6 Qxd6 18. Rxe8+ Rxe8 19. Re1 Be4 20. Ng5 h6 21.
Nxe4 fxe4 22. Bc2 f5 23. f3 Nh4 24. fxe4 fxe4 25. Rxe4 Rxe4 26. Bxe4 Qe7 27. Qd3
Qg5 28. g3 g6 29. Kf2 Nf5 30. Bxf5 gxf5 31. Qe3 Qh5 32. Qe6+ Kf8 33. Qf6+ Ke8
34. Qe5+ Kd7 35. Qg7+ Kd6 36. Qe5+ Kd7 37. c4 Qxh2+ 38. Kf3 Qh1+ 39. Kf4 Qf1+
40. Ke3 Qe1+ 41. Kf4 Qf2# 0-1

[Event "Women's Speed Chess Q7 KO"]
[Site "chess.com INT"]
[Date "2021.06.06"]
[Round "2.2"]
[White "Gunina, Valentina"]
[Black "Padmini, Rout"]
[Result "0-1"]
[WhiteTitle "GM"]
[BlackTitle "IM"]
[WhiteElo "2436"]
[BlackElo "2370"]
[WhiteFideId "4167570"]
[BlackFideId "5029295"]
[EventDate "2021.06.06"]

1. d4 Nf6 2. c4 g6 3. Nf3 Bg7 4. Nc3 d5 5. e3 O-O 6. Be2 c5 7. O-O cxd4 8. Nxd4
e5 9. Nf3 e4 10. Nd4 Nc6 11. cxd5 Nxd5 12. Nxd5 Qxd5 13. Nxc6 Qxc6 14. Bd2 Bxb2
15. Rb1 Bg7 16. Qb3 b6 17. Rfc1 Qf6 18. Bb4 Be6 19. Qa3 Rfc8 20. Rxc8+ Rxc8 21.
Qxa7 Bd5 22. Qd7 Qe6 23. Qxe6 Bxe6 24. a3 h5 25. h3 Rc2 26. Bf1 Ra2 27. Bd6 Bb2
28. Kh2 Bb3 29. Be2 Bc2 30. Re1 Bxa3 31. Bf4 Bb4 32. Rc1 Bd2 33. Rf1 Ba4 34. Bc4
Rc2 35. Bd5 Bc6 36. Bxc6 Rxc6 37. Rb1 Ba5 38. h4 Rc2 39. Kg3 f5 40. Rb5 Kf7 41.
Bg5 Rc5 42. Rb2 b5 43. Bf4 b4 44. f3 exf3 45. Kxf3 Rb5 46. Rb3 Rc5 47. e4 fxe4+
48. Kxe4 Rc3 49. Rxc3 bxc3 50. Kd3 Ke6 51. Bg5 Kf5 52. Be7 Kg4 53. Bf6 Kg3 54.
Bg5 Kxg2 55. Bf6 Kg3 56. Be7 Kg4 57. Bf6 Bb4 58. Kc2 Bd6 59. Kxc3 Bg3 60. Kd3
Bxh4 61. Bg7 Kf3 62. Kd4 Bf2+ 63. Ke5 g5 64. Kf5 g4 65. Kg5 h4 66. Be5 h3 0-1

[Event "Women's Speed Chess Q7 KO"]
[Site "chess.com INT"]
[Date "2021.06.06"]
[Round "2.2"]
[White "Nguyen, Hong Anh"]
[Black "Cori T., Deysi"]
[Result "0-1"]
[WhiteTitle "WIM"]
[BlackTitle "WGM"]
[WhiteElo "1993"]
[BlackElo "2388"]
[WhiteFideId "12406732"]
[BlackFideId "3801934"]
[EventDate "2021.06.06"]

1. d4 Nf6 2. c4 g6 3. Nf3 Bg7 4. g3 O-O 5. Bg2 c6 6. O-O d5 7. Nc3 dxc4 8. Ne5
Nbd7 9. Nxc4 Nb6 10. Ne5 Nfd7 11. Nf3 e5 12. Bg5 Qe8 13. Rc1 h6 14. Bd2 exd4 15.
Na4 Nxa4 16. Qxa4 Nb6 17. Qd1 Qe7 18. a3 Rd8 19. Bb4 Qf6 20. Bc5 Bg4 21. Qb3 Rd7
22. Bxb6 axb6 23. Qxb6 d3 24. Qe3 dxe2 25. Rfe1 Re7 26. Qb3 Rae8 27. h3 Be6 28.
Qc2 Bd5 29. Nh2 Bxg2 30. Kxg2 Qxb2 31. Qxb2 Bxb2 0-1

[Event "Women's Speed Chess Q7 KO"]
[Site "chess.com INT"]
[Date "2021.06.06"]
[Round "2.3"]
[White "Cori T., Deysi"]
[Black "Nguyen, Hong Anh"]
[Result "1-0"]
[WhiteTitle "WGM"]
[BlackTitle "WIM"]
[WhiteElo "2388"]
[BlackElo "1993"]
[WhiteFideId "3801934"]
[BlackFideId "12406732"]
[EventDate "2021.06.06"]

1. d4 Nf6 2. Nf3 g6 3. g3 Bg7 4. Bg2 O-O 5. O-O d5 6. c4 dxc4 7. Na3 Na6 8. Nxc4
c5 9. Bg5 Be6 10. Rc1 Rc8 11. dxc5 Nxc5 12. Nd4 Bd5 13. Ne3 Bxg2 14. Nxg2 Nfe4
15. Be3 Qa5 16. f3 Nd6 17. Nb3 Nxb3 18. Qxb3 Qe5 19. Kf2 b6 20. Rxc8 Rxc8 21.
Qa4 Nc4 22. Rc1 Qe6 23. b3 Nd6 24. Rxc8+ Nxc8 25. Qe8+ Bf8 26. Bh6 1-0

[Event "Women's Speed Chess Q7 KO"]
[Site "chess.com INT"]
[Date "2021.06.06"]
[Round "2.3"]
[White "Gunina, Valentina"]
[Black "Padmini, Rout"]
[Result "1/2-1/2"]
[WhiteTitle "GM"]
[BlackTitle "IM"]
[WhiteElo "2436"]
[BlackElo "2370"]
[WhiteFideId "4167570"]
[BlackFideId "5029295"]
[EventDate "2021.06.06"]

1. d4 Nf6 2. Nf3 g6 3. g3 Bg7 4. c4 O-O 5. Bg2 c6 6. O-O d5 7. cxd5 cxd5 8. Ne5
e6 9. Nc3 Nfd7 10. f4 Nc6 11. Be3 Nb6 12. b3 Ne7 13. Rc1 Bd7 14. Bf2 Rc8 15. Qd2
Nf5 16. e4 dxe4 17. Nxe4 Bb5 18. Rxc8 Qxc8 19. Rc1 Qd8 20. Nc5 Nd5 21. Nxb7 Qb6
22. Nc5 Rc8 23. Ne4 Rd8 24. g4 Nd6 25. Nxd6 Qxd6 26. Bh4 f6 27. Nc4 Qxf4 28.
Qxf4 Nxf4 29. Bf3 g5 30. Bf2 Nd3 31. Rd1 Nxf2 32. Kxf2 f5 33. Ke3 f4+ 34. Ke2
Rxd4 35. Rc1 e5 36. Ke1 e4 37. Be2 f3 38. Bf1 Bxc4 39. Bxc4+ Kf8 40. Kf2 Be5 41.
Ke3 Bf4+ 42. Kxd4 Bxc1 43. Kxe4 f2 44. Kf3 Bf4 45. h3 Ke7 46. Kxf2 h6 47. Kf3
Kd6 48. Ke4 Bg3 49. Kf5 Bh4 50. Kg6 a5 51. Kxh6 Kc5 52. Kg6 Kb6 53. a4 Kc5 54.
Kf5 Kb4 55. Ke4 Kc5 56. Ke5 Kb6 57. Ke6 Bg3 58. Kf6 Bh4 59. Ke5 Kc5 60. Ke4 Kb6
61. Ke5 Bg3+ 62. Ke4 Bh4 63. Ke5 1/2-1/2

[Event "Women's Speed Chess Q7 KO"]
[Site "chess.com INT"]
[Date "2021.06.06"]
[Round "2.4"]
[White "Padmini, Rout"]
[Black "Gunina, Valentina"]
[Result "0-1"]
[WhiteTitle "IM"]
[BlackTitle "GM"]
[WhiteElo "2370"]
[BlackElo "2436"]
[WhiteFideId "5029295"]
[BlackFideId "4167570"]
[EventDate "2021.06.06"]

1. e4 c6 2. d4 d5 3. e5 c5 4. c3 Nc6 5. Nf3 Bg4 6. dxc5 e6 7. b4 Bxf3 8. Qxf3
Nxe5 9. Bb5+ Nc6 10. O-O Nf6 11. Nd2 Be7 12. Nb3 O-O 13. Be3 Qc7 14. Rad1 Ne5
15. Qg3 Ne4 16. Qh3 Nxc3 17. Bd3 f5 18. Bf4 Nxd1 19. Rxd1 Bf6 20. Nd4 Qf7 21.
Bc2 Ng6 22. Bd6 Rfe8 23. Bb3 Be7 24. Bxe7 Rxe7 25. Nb5 Qf6 26. Nd6 Kh8 27. Qe3
Ne5 28. g3 Nf7 29. Qd2 Nxd6 30. cxd6 Rd7 31. Qc2 Rxd6 32. Qc7 Rb6 33. a3 Rf8 34.
Rc1 d4 35. Ba4 e5 0-1

[Event "Women's Speed Chess Q7 KO"]
[Site "chess.com INT"]
[Date "2021.06.06"]
[Round "3.1"]
[White "Cori T., Deysi"]
[Black "Gunina, Valentina"]
[Result "0-1"]
[WhiteTitle "WGM"]
[BlackTitle "GM"]
[WhiteElo "2388"]
[BlackElo "2436"]
[WhiteFideId "3801934"]
[BlackFideId "4167570"]
[EventDate "2021.06.06"]

1. d4 d5 2. Nf3 Nf6 3. c4 c6 4. Nc3 dxc4 5. e3 b5 6. a4 b4 7. Nb1 Ba6 8. Ne5 e6
9. Be2 Be7 10. O-O O-O 11. Nd2 c5 12. Ndxc4 cxd4 13. exd4 Bb7 14. a5 Nbd7 15.
Bf4 Bd5 16. Ne3 Be4 17. Qb3 Nd5 18. Nxd5 Bxd5 19. Qg3 Nf6 20. Bh6 Ne8 21. Bb5
Kh8 22. Bxe8 gxh6 23. Nxf7+ Rxf7 24. Bxf7 Bd6 25. Qg4 Qf6 26. Qh5 Rf8 27. Rae1
Rxf7 28. Re3 Rg7 29. f3 Qxd4 30. Re1 Bf4 31. Qe8+ Rg8 32. Qf7 Bxe3+ 33. Kh1 Bg5
34. h3 Qxb2 35. Qxa7 Qc3 36. Rd1 Bxf3 0-1

[Event "Women's Speed Chess Q7 KO"]
[Site "chess.com INT"]
[Date "2021.06.06"]
[Round "3.2"]
[White "Gunina, Valentina"]
[Black "Cori T., Deysi"]
[Result "0-1"]
[WhiteTitle "GM"]
[BlackTitle "WGM"]
[WhiteElo "2436"]
[BlackElo "2388"]
[WhiteFideId "4167570"]
[BlackFideId "3801934"]
[EventDate "2021.06.06"]

1. d4 Nf6 2. c4 g6 3. Nf3 Bg7 4. Nc3 d6 5. e4 O-O 6. Be2 Bg4 7. O-O Nfd7 8. d5
e5 9. h3 Bxf3 10. Bxf3 f5 11. exf5 gxf5 12. Qc2 Qf6 13. Be2 a5 14. f4 e4 15. Be3
b6 16. Rad1 Qg6 17. Nb5 Na6 18. Kh2 Kh8 19. Rg1 Rf7 20. Rdf1 Raf8 21. g4 fxg4
22. Bxg4 Qh6 23. Nd4 Nac5 24. Ne6 Rg8 25. Qe2 Nd3 26. f5 Be5+ 27. Kh1 Qh4 28.
Bd2 Nf6 29. Be1 Nxe1 30. Qxe1 Rxg4 31. Qxh4 Rxh4 32. Kg2 Nh5 33. Re1 Rxf5 34.
Re3 Nf4+ 35. Kh1 Nxh3 36. Rge1 Nf2+ 37. Kg1 Ng4 38. Rxe4 Rfh5 39. Kf1 Rh1+ 40.
Ke2 R5h2+ 41. Kf3 Nf6 42. Rxh1 Rxh1 43. Re2 Rh3+ 44. Kg2 Rh2+ 45. Kf3 Rh3+ 46.
Kg2 Rg3+ 47. Kf1 Ng4 48. Ke1 Ne3 49. Kd2 Nxc4+ 50. Kc2 Nxb2 51. Nxc7 Rc3+ 52.
Kd2 Rxc7 0-1

[Event "Women's Speed Chess Q7 KO"]
[Site "chess.com INT"]
[Date "2021.06.06"]
[Round "3.3"]
[White "Gunina, Valentina"]
[Black "Cori T., Deysi"]
[Result "0-1"]
[WhiteTitle "GM"]
[BlackTitle "WGM"]
[WhiteElo "2436"]
[BlackElo "2388"]
[WhiteFideId "4167570"]
[BlackFideId "3801934"]
[EventDate "2021.06.06"]

1. d4 Nf6 2. c4 e6 3. Nc3 Bb4 4. Nf3 O-O 5. e3 d5 6. Bd3 Nbd7 7. O-O c5 8. cxd5
exd5 9. dxc5 Nxc5 10. Be2 Nce4 11. Nxe4 dxe4 12. Nd4 Qd5 13. Bd2 Bd6 14. Bc3 Qg5
15. f4 exf3 16. Bxf3 Qxe3+ 17. Kh1 Qh6 18. g3 Bxg3 19. Qc2 Bg4 20. Qg2 Be5 21.
Bxg4 Nxg4 22. Nf5 Qxh2+ 23. Qxh2 Bxh2 24. Bxg7 Rfe8 25. Bc3 h5 26. Rad1 Re2 27.
Rd2 Rxd2 28. Bxd2 Be5 29. b3 Rd8 30. Bg5 Rd3 31. Re1 Rh3+ 32. Kg2 Rh2+ 33. Kg1
Bc7 34. Re8+ Kh7 35. Ng3 Bxg3 36. Rf8 Bf2+ 37. Kf1 Kg6 38. Bd2 f5 39. Rg8+ Kf6
40. Rf8+ Ke5 41. Bc3+ Ke4 42. Re8+ Kf3 0-1